| 000 | 00485nam a2200133Ia 4500 | ||
|---|---|---|---|
| 008 | 171207s9999 xx 000 0 und d | ||
| 100 | _aWarren, Jane A. | ||
| 245 | _a Using The Mirror Story to Understand Self | ||
| 245 | _cJane A. Warren, Natasha P. Trujillo, Amanuel H. Asfaw, Courtney McKim, Lindsay Stoffers & Kristina Faimon | ||
| 260 | _c2017 | ||
| 300 | _apages 62-81, January-March 2017 | ||
| 440 |
_aJournal of Creativity in Mental Health _v12:1 |
||
| 650 | _aMENTAL HEALTH | ||
| 999 |
_c347507 _d347507 |
||